| 000 | 00619 a2200241 4500 | ||
|---|---|---|---|
| 001 | 24667 | ||
| 999 |
_c24667 _d11174 |
||
| 003 | TR-AnTOB | ||
| 005 | 20240117144507.0 | ||
| 008 | 051019s1989 tu 00000 spa | ||
| 020 | _a9751001579 | ||
| 041 | _aspa | ||
| 050 | 0 |
_aPC4112 _b.K88 1989 |
|
| 090 | _aPC4112 .K88 1989 | ||
| 100 |
_aKut, İnci _918607 |
||
| 245 | 0 |
_aYoğun metodla İspanyolca / _cİnci Kut. |
|
| 264 | 1 |
_aİstanbul : _bİnkılap Kitabevi, _cc1989. |
|
| 300 | _a339 s. | ||
| 504 | _aKaynakça var. | ||
| 650 | 0 |
_aİspanyol dili _xDil bilgisi _938987 |
|
| 650 |
_aSpanish language _xGrammar _919429 |
||
| 902 | _a0013044 | ||
| 942 | _cBK | ||